| 000 | 00407nam a22001697a 4500 | ||
|---|---|---|---|
| 003 | SGT | ||
| 020 | _a9789390225019 | ||
| 082 |
_a615.1 _bN21B |
||
| 100 | _aBEYATRICKS, K. JESINDHA | ||
| 245 | _aA TEXTBOOK OF NOVEL DRUG DELIVERY SYSTEMS | ||
| 250 | _a3rd | ||
| 260 |
_aPANJAB _bP.V (S. VIKASH) _c2021 |
||
| 300 | _aR-2 | ||
| 650 | _aDRUG DELIVERY SYSTEMS | ||
| 653 | _aNOVEL DRUG | ||
| 942 |
_2ddc _cBK _067 |
||
| 999 |
_c22949 _d22949 |
||